| 000 | 03575nam a2200481 i 4500 | ||
|---|---|---|---|
| 001 | 194318 | ||
| 003 | SpMaBN | ||
| 005 | 20251211185538.0 | ||
| 007 | ta | ||
| 008 | 240424s2022 sp a | |||| 000 0dspa | ||
| 015 | _aMON22 | ||
| 017 |
_aSE 2492-2022 _bOficina Depósito Legal Sevilla |
||
| 020 | _a9788419617705 | ||
| 035 | _aa7239182 | ||
| 040 |
_aSpMaBN _bspa _cSpMaBN _erda _dES-MaACL |
||
| 080 | _a929 Pérez Galdós, Benito (044.2) | ||
| 080 | _a929 Pardo Bazán, Emilia (044.2) | ||
| 100 | 1 |
_aPérez Galdós, Benito, _d1843-1920 _eaut _990871 |
|
| 245 | 1 | 0 |
_aCartas inéditas : _bSobre el teatro, junto con otras cartas de Emilia Pardo Bazán / _cBenito Pérez Galdós ; edición de Adelina Batlles Garrido ; prólogo de Antonio Chicharro. |
| 264 | 1 |
_aValencina de la Concepción (Sevilla) : _bRenacimiento, _c[2022] |
|
| 264 | 4 | _c©2022 | |
| 300 |
_a117 páginas, 37 páginas sin numerar : _bilustraciones (blanco y negro) ; _c21 cm |
||
| 336 |
_aTexto _aImagen fija _2rdacontent |
||
| 337 |
_asin mediación _2rdamedia |
||
| 338 |
_avolumen _2rdacarrier |
||
| 490 | 1 |
_aBiblioteca de la memoria. Serie menor _v118 |
|
| 500 | _aIncluye apéndice documental | ||
| 501 | _aCatalogación provisional. N-9959. Depósito J | ||
| 520 | _aAdelina Batlles Garrido presenta en este libro una correspondencia inédita, un total de cincuenta y una cartas de Benito Pérez Galdós a varios corresponsales. Se incluyen también cinco cartas de Emilia Pardo Bazán a Galdós correspondientes a los inicios de su relación. Con este libro concluye un trabajo de años relacionado con el legado que recibió Adelina de Antonio Moreno Martín, propietario de la librería Garnata (Almería), consistente en una carpeta con numerosos textos autógrafos e inéditos del escritor canario y Emilia Pardo Bazán. Gracias a este estudio y epistolario podemos llegar a la conclusión de que la irrupción de Galdós en la escena española, en 1892, se debe en buena parte a la influencia que ejerció la ilustre escritora gallega sobre el escritor canario, cuya actividad mantendrá hasta el final de su vida. Así puede constatarse en estas emotivas cartas, fechadas entre 1901 y 1917 en las que el teatro es su telón de fondo. En estas cartas Galdós condensa gran parte de su vida, como padre, amante, político y dramaturgo. A pesar de su ceguera, cosa que se advierte en la grafía de estas cartas, Galdós nunca dejó de preocuparse por sus seres queridos y la realidad española. La obra de Galdós sigue dando sorpresas: una enriquecedora colección de cartas inéditas que retratan curiosos aspectos de su vida íntima y familiar. | ||
| 600 | 1 | 7 |
_aPérez Galdós, Benito, _d1843-1920- _vCorrespondencia _9139477 |
| 600 | 1 | 7 |
_aPardo Bazán, Emilia, _cCondesa de, _d1851-1921- _vCorrespondencia _9161696 |
| 655 | 0 |
_9235124 _aCartas |
|
| 700 | 1 |
_aBatlles Garrido, Adelina _9235989 _eedt |
|
| 700 | 1 |
_aPardo Bazán, Emilia, _cCondesa de, _d1851-1921 _eaut _9176434 |
|
| 700 |
_aChicharro Chamorro, Antonio, _d1951- _eaui _9242513 |
||
| 830 |
_9222819 _aBiblioteca de la memoria. Serie menor ; _v118 |
||
| 852 |
_aES-MaACL _bR.155107 _cDEPOJ _jN-9959 _zEn proceso _zCompra _9201920 _xEncuadernación rústica con solapas |
||
| 942 |
_n0 _cMONOGRAFIA |
||
| 999 |
_c194318 _d194318 |
||